00236nam a2200097Ia 4500008004100000082000800041100001600049245005200065942000600117999001500123240331s9999 xx 000 0 und d bSPI aSpivak, G.C 0aIn other worlds :bessays in cultural politics cL c2124d2124